Suomalaiset liputuspäivät - Statistics

Yleistilastot
  • Tätä visaa on pelattu 101 kertaa
  • Keskiarvotulos 10 / 24
Vastaustilastot
Hint Vastaus % Oikein
1.5 Virallinen liputuspäivä Vappu
91%
6.12 Virallinen liputuspäivä Itsenäisyyspäivä
87%
kesäkuun 20. ja 26. päivän välinen lauantai Virallinen liputuspäivä Juhannuspäivä
78%
Toukokuun toinen sunnuntai Virallinen liputuspäivä Äitienpäivä
75%
19.3 Vakiintunut liputuspäivä Minna Canthin päivä
73%
Marraskuun toinen sunnuntai Virallinen liputuspäivä Isänpäivä
68%
5.2 Vakiintunut liputuspäivä J. L. Runebergin päivä
62%
10.10 Vakiintunut liputuspäivä Aleksis Kiven päivä
61%
28.2 Virallinen liputuspäivä Kalevalan päivä
58%
9.4 Vakiintunut liputuspäivä Mikael Agricolan päivä
41%
9.5 Vakiintunut liputuspäivä Eurooppa-päivä
39%
8.12 Vakiintunut liputuspäivä Jean Sibeliuksen päivä eli suomalaisen musiikin päivä
39%
6.11 Vakiintunut liputuspäivä Svenska dagen, ruotsalaisuuden päivä
38%
6.7 Vakiintunut liputuspäivä Eino Leinon päivä
36%
12.5 Vakiintunut liputuspäivä J. V. Snellmanin päivä
35%
27.4 Vakiintunut liputuspäivä Kansallinen veteraanipäivä
28%
20.11 Vakiintunut liputuspäivä Lapsen oikeuksien päivä
28%
24.10 Vakiintunut liputuspäivä Yhdistyneiden Kansakuntien päivä
28%
4.6 Virallinen liputuspäivä Puolustusvoimain lippujuhlan päivä eli Suomen marsalkka C.G.E. Mannerheimin syntymäpäivä
26%
Elokuun viimeinen lauantai Vakiintunut liputuspäivä Suomen luonnon päivä
18%
Toukokuun kolmas sunnuntai Vakiintunut liputuspäivä Kaatuneitten muistopäivä
16%
1.10 Vakiintunut liputuspäivä Miina Sillanpään ja kansalaisvaikuttamisen päivä
11%
? Virallinen liputuspäivä Päivä, jolloin Suomessa toimitetaan valtiolliset vaalit, kunnallisvaalit, Euroopan parlamentin edustajien vaalit tai neuvoa-antava kansanäänestys
7%
? Virallinen liputuspäivä Päivä, jolloin tasavallan presidentti astuu toimeensa.
6%
Ehtoja vastaavia visoja ei löytynyt
Tulosjakauma
Jokaisen tuloksen saaneiden osuus
Persentiili vastausten määrän mukaan
Tuloshistoriasi
Et ole pelannut tätä visaa